[Nové trendy zodpovedného podnikania na Slovensku]

Recenzia na publikáciu, ktorej cieľom je poskytnúť aktuálny prehľad v problematike zodpovedného podnikania.

Salvato in:
Dettagli Bibliografici
Autore principale: Kissová, Jana, 1979-
Natura: Capitolo di libro
Lingua:slovacco
Soggetti:
Tags: Aggiungi Tag
Nessun Tag, puoi essere il primo ad aggiungerne!!

MARC

LEADER 00000naa a2200000 4500
001 0208615
005 20240502073452.0
041 0 |a slo 
044 |a SK 
245 1 0 |a [Nové trendy zodpovedného podnikania na Slovensku]  |c Jana Kissová 
520 |a Recenzia na publikáciu, ktorej cieľom je poskytnúť aktuálny prehľad v problematike zodpovedného podnikania. 
610 2 0 |a recenzie 
610 2 0 |a Slovensko 
610 2 0 |a riadenie strategické 
610 2 0 |a podnikanie zodpovedné 
100 1 |a Kissová, Jana, 1979-